| 000 | 00665nam a22002292 4500 | ||
|---|---|---|---|
| 001 | 0000004602 | ||
| 005 | 20151217145818.0 | ||
| 008 | 070525s xx 000 0 eng d | ||
| 020 |
_a0030270448 : _cKES 500 |
||
| 040 |
_aKABU _cKABU |
||
| 050 | 0 |
_aQH308.2 _b.T63 2001 |
|
| 100 | 1 |
_aTobin, Allan J. _@0000155236 |
|
| 245 | 1 | 0 |
_aAsking about life / _cAllan J. Tobin, Jennie Dusheck. |
| 250 | _a2nd ed. | ||
| 260 |
_aNew York : _bHarcourt College, _c2001. |
||
| 300 | _axxii, 928 p. | ||
| 650 | 0 |
_aBiology. _@0000003707 |
|
| 700 | 1 |
_aDusheck, Jennie. _@0000155237 |
|
| 908 | _a070525 | ||
| 950 | _@1 | ||
| 999 |
_c2809 _d2809 |
||